| 000 -LEADER |
| fixed length control field |
00772cam a2200265 a 4500 |
| 001 - CONTROL NUMBER |
| control field |
12083097 |
| 005 - DATE AND TIME OF LATEST TRANSACTION |
| control field |
20180104073206.0 |
| 008 - FIXED-LENGTH DATA ELEMENTS--GENERAL INFORMATION |
| fixed length control field |
000627s1999 txu 000 0 eng d |
| 010 ## - LIBRARY OF CONGRESS CONTROL NUMBER |
| LC control number |
00269078 |
| 020 ## - INTERNATIONAL STANDARD BOOK NUMBER |
| International Standard Book Number |
0030515920 (Annotated Teacher's Edition) |
| 035 ## - SYSTEM CONTROL NUMBER |
| System control number |
(OCoLC)ocm39496001 |
| 040 ## - CATALOGING SOURCE |
| Original cataloging agency |
MNW |
| Transcribing agency |
MNW |
| Modifying agency |
DLC |
| 041 ## - LANGUAGE CODE |
| Language code of text/sound track or separate title |
eng |
| 042 ## - AUTHENTICATION CODE |
| Authentication code |
lccopycat |
| 043 ## - GEOGRAPHIC AREA CODE |
| Geographic area code |
n-us--- |
| 080 ## - UNIVERSAL DECIMAL CLASSIFICATION NUMBER |
| Universal Decimal Classification number |
320.4730712 HOL |
| 082 00 - DEWEY DECIMAL CLASSIFICATION NUMBER |
| Classification number |
320.4730712 HOL |
| Edition number |
21 |
| 100 1# - Rafti |
| Rafti |
19 |
| 101 ## - Shkurtesa |
| Shkurtesa |
POL |
| 245 10 - TITLE STATEMENT |
| Title |
Holt American government / |
| Statement of responsibility, etc |
Steven Kelman. |
| 246 3# - VARYING FORM OF TITLE |
| Title proper/short title |
American government |
| 906 ## - LOCAL DATA ELEMENT F, LDF (RLIN) |
| a |
7 |
| b |
cbc |
| c |
copycat |
| d |
3 |
| e |
ncip |
| f |
20 |
| g |
y-gencatlg |
| 942 ## - ADDED ENTRY ELEMENTS (KOHA) |
| Source of classification or shelving scheme |
|
| Item type |
Books |